Normal view
MARC view
- Operation Management
Entry Topical Term
001 - CONTROL NUMBER
- control field: 128721
003 - CONTROL NUMBER IDENTIFIER
- control field: NUST
005 - DATE AND TIME OF LATEST TRANSACTION
- control field: 20250416154541.0
008 - FIXED-LENGTH DATA ELEMENTS
- fixed length control field: 250416|| aca||aabn | a|a d
040 ## - CATALOGING SOURCE
- Original cataloging agency: NUST
- Transcribing agency: NUST
150 ## - HEADING--TOPICAL TERM
- Topical term or geographic name entry element: Operation Management
670 ## - SOURCE DATA FOUND
- Source citation: Work cat.: (NUST): Reid, R. Dan 128720, Operations management: An integrated approach/ , 2020.
